Терминологический словарь по информатике
| Müşterek Yazar: | |
|---|---|
| Diğer Yazarlar: | |
| Dil: | Rusça Bulgarca İngilizce Macarca İspanyolca Makedonca Almanca Lehçe Rumence Sırpça Hırvatça Slovence Çekçe Fransızca |
| Baskı/Yayın Bilgisi: |
Москва, Изд-во МЦНТИ, 1975
|
| Konular: | |
| Materyal Türü: | MixedMaterials Kitap |
| KOHA link: | https://koha.lib.tpu.ru/cgi-bin/koha/opac-detail.pl?biblionumber=331946 |
MARC
| LEADER | 00000nam0a2200000 4500 | ||
|---|---|---|---|
| 001 | 331946 | ||
| 005 | 20231102004416.0 | ||
| 035 | |a (RuTPU)RU\TPU\book\357830 | ||
| 090 | |a 331946 | ||
| 100 | |a 20170511d1975 km y0rusy50 ca | ||
| 101 | 0 | |a rus |a bul |a eng |a hun |a spa |a mac |a ger |a pol |a rum |a scc |a scr |a slx |a slv |a cze |a fre | |
| 102 | |a RU | ||
| 105 | |a y e 001zy | ||
| 200 | 1 | |a Терминологический словарь по информатике |f Международный центр научной и технической информации ; под ред. С. Т. Арсенова [и др.] | |
| 210 | |a Москва |c Изд-во МЦНТИ |d 1975 | ||
| 215 | |a 752 с. | ||
| 320 | |a Библиогр.: с. 35-41 | ||
| 606 | 1 | |a Информатика |2 stltpush |3 (RuTPU)RU\TPU\subj\12879 | |
| 606 | 1 | |a Многоязычные словари |2 stltpush |3 (RuTPU)RU\TPU\subj\44177 |9 63548 | |
| 610 | 1 | |a информационные термины | |
| 610 | 1 | |a информация | |
| 610 | 1 | |a переводы | |
| 610 | 1 | |a термины | |
| 610 | 1 | |a словари | |
| 610 | 1 | |a информационные технологии | |
| 686 | |a Ч23я2 |v LBC/SL-A |2 rubbk | ||
| 686 | |a Ш12-4 |v LBC/SL-A |2 rubbk | ||
| 702 | 1 | |a Арсенов |b С. Т. |4 340 | |
| 712 | 0 | 2 | |a Международный центр научной и технической информации |2 stltpush |3 (RuTPU)RU\TPU\col\12635 |9 25487 |
| 801 | 1 | |a RU |b 63413507 |c 20170511 | |
| 801 | 2 | |a RU |b 63413507 |c 20190905 |g RCR | |
| 942 | |c BK | ||